zpět

Detail výsledku týmu

Tiebreak - Štvanice, Praha

Datum a čas kvízu

54.5 Celkem bodů Celkový počet nahraných bodů na tomto kvízu bez doplňovacích otázek.
2. Pořadí na kvízu Konečné umístění týmu na tomto kvízu.

Zaznamenané odpovědi

# Otázka Odpověď Body Výsledky
1. Minulý týden byl jistý 37letý... Mikuláš Ferjenčík, Jiří Strach 0.5
2. Parlament jednoho evropského s... Německo 1
3. Ve čtvrtek měl v českých kinec... Mizerové: Na život a na smrt 1
4. Minulý týden byl v Praze k vid... Tesla Cybertuck 1
5. Fotbalové EURO se blíží. Hrají... Island 1
6. Dostanete vždy pět indicií, kt... Anna Kareninová/Karenina 1
7. Irsko – strom – Estragon – Nob... Čekání na Godota 1
8. Irving – cider – gynekolog – T... Pravidla moštárny 1
9. 3 sirotci – nevyléčitelná nemo... Román pro muže 1
10. Karviná – kronika – sv. Petr... Šikmý kostel 1